00647cam a22002291 4500001001300000003000400013005001700017008004100034010001700075035001900092040001900111042001200130050001500142100002700157245003900184260004200223300006600265504003300331651002300364650001300387999001700400sa 65010261 DLC20260227112207.0781106s1950 pk abc b 001 0 eng  asa 65010261  a(OCoLC)4347881 aDLCcOOxMdDLC apremarc00aDS38b.B651 aBrelvi, Mahmud,d1908-14aThe Muslim neighbours of Pakistan. aLahore,bRipon Printing Pressc[1950] axiv, 276 p.billus. (part col.) maps (1 fold.) ports.c22 cm. aBibliography: p. [xiii]-xiv. 0aIslamic countries. 0aMuslims. c66656d66656